000 00577cam a22001932 4500
001 0000000797
005 20151217151757.0
008 070220s xx 000 0 eng d
040 _aKABU
_cKABU
050 0 _aBX5199
_b.S8344D83
100 1 _aDudley- Smith, Timothy.
_@0000149164
245 1 0 _aJohn Stott :
_ba global ministry /
_cTimothy Dudley-Smith.
260 _aLeicester :
_bInter Varsity Press.,
_c2001.
300 _a538 p.
600 1 0 _aStott, John R. W.
_@0000112162
908 _a070220
950 _@1
999 _c4919
_d4919